| 000 | 00686nam a22002297a 4500 | ||
|---|---|---|---|
| 999 |
_c64484 _d64484 |
||
| 005 | 20240530110734.0 | ||
| 008 | 180415s2008 ua a g b 000 0 ara d | ||
| 017 | _bمصر. دار الكتب | ||
| 020 | _a9789953712901 | ||
| 040 |
_aEG-CaGPL _cEG-CaGPL |
||
| 082 | 0 | 4 |
_221 _a193\ _bو ش |
| 100 | 0 | _aوفيق غريزى | |
| 245 | 1 | 0 |
_aشوبنهاور وفلسفة التشاؤم / _cوفيق غريزى . |
| 260 |
_aبيروت : _c2008. |
||
| 300 |
_a279 ص. ؛ _c21 سم. |
||
| 650 | 0 | 7 |
_2qrmak _aالتشاؤم |
| 650 | 0 | 7 |
_2qrmak _aالاخلاق |
| 650 | 0 | 7 |
_2qrmak _aالحياة |
| 651 | _2qrmak | ||
| 942 |
_2ddc _cBK |
||